Pays actuels de l'Union de Kalmar - Statistiques

Statistiques générales
  • Ce quiz a été pris 72 fois
  • Le résultat moyen est 7 sur 8
Statistiques - réponses
Réponse % Correct
Danemark
98%
Suède
98%
Norvège
97%
Finlande
95%
Allemagne
90%
Russie
90%
Islande
88%
Royaume-Uni
81%
Aucun quiz correspondant
Distribution des résultats
% des personnes avec chaque résultat
Percentile par nombre de réponses
Votre historique - résultats
Vous n’avez pas pris ce quiz